Plánovanie a príprava vzdelávania zamestnancov v podniku diplomová práca

Uložené v:
Podrobná bibliografia
Hlavný autor: Bieliková, Zuzana
Korporativný autor: Fakulta podnikového manažmentu EU. Katedra manažmentu
Ďalší autori: Matulčíková, Marta, 1964-
Médium: Kniha
Jazyk:Slovak
Vydavateľské údaje: Bratislava 2011
Tagy: Pridať tag
Žiadne tagy, Buďte prvý, kto otaguje tento záznam!

MARC

LEADER 00000nbm a2200000 4500
001 0131686
005 20170315090421.9
041 0 |a slo 
044 |a SK 
245 1 0 |a Plánovanie a príprava vzdelávania zamestnancov v podniku  |b diplomová práca  |c Zuzana Bieliková ; školiteľ: Marta Matulčíková 
264 1 |a Bratislava  |c 2011 
300 |a 71 s. 
100 1 |a Bieliková, Zuzana 
700 1 |a Matulčíková, Marta, 1964- 
710 2 |a Fakulta podnikového manažmentu EU. Katedra manažmentu